000
00308nam a2200133Ia 4500
005
20251222142019.0
008
251222s9999||||xx |||||||||||||| ||spa||
082
_a
076.41/R44
100
_a
Restán, José Luis
245
0
_a
El Coraje de Tomar Postura
250
_a
1ra ed.
264
_b
COPE
942
_c
LIB
999
_c
10576
_d
10576